书目信息 |
| 题名: |
普通写作学教程
|
|
| 作者: | 路德庆 主编 | |
| 分册: | ||
| 出版信息: | 北京 高等教育出版社 2006 |
|
| 页数: | 474页 | |
| 开本: | 20cm | |
| 丛书名: | ||
| 单 册: | ||
| 中图分类: | H05 | |
| 科图分类: | ||
| 主题词: | 写作学--高等学校--教材 , 写作学 | |
| 电子资源: | ||
| ISBN: | 7-04-009057-0 | |
| 000 | 00833nam0 2200265 450 | |
| 000 | 00839nam0 2200265 450 | |
| 000 | 00773nam0 2200241 450 | |
| 000 | 00737nam0 2200229 45 | |
| 005 | 20070516102258.57 | |
| 010 | @a7-04-009057-0@dCNY21.50 | |
| 100 | @a20070326d2006 em y0chiy0120 ea | |
| 101 | 0 | @achi |
| 102 | @aCN@b110000 | |
| 105 | @ay z 000yy | |
| 200 | 1 | @a普通写作学教程@APu Tong Xie Zuo Xue Jiao Cheng@f路德庆主编@FLu De Qing Zhu Bian |
| 205 | @a修订二版 | |
| 210 | @a北京@c高等教育出版社@d2006 | |
| 215 | @a474页@d20cm | |
| 330 | @a本书分总论、专题训练和文体写作训练三部分,系统阐述了普通写作学的基本原理及一般文章的写作规律。 | |
| 606 | 0 | @a写作学@x高等学校@j教材 |
| 606 | 0 | @a写作学 |
| 690 | @aH05@v4 | |
| 701 | 0 | @a路德庆@ALu De Qing@4主编 |
| 801 | 0 | @aCN@bTAOJIN@c20070516 |
| 905 | @a10447@dH05@e156 | |
| 普通写作学教程/路德庆主编.-修订二版.-北京:高等教育出版社,2006 |
| 474页;20cm |
| ISBN 7-04-009057-0:CNY21.50 |
| 本书分总论、专题训练和文体写作训练三部分,系统阐述了普通写作学的基本原理及一般文章的写作规律。 |
| ● |
| 相关链接 |
|
|
|
|
正题名:普通写作学教程
索取号:H05/156
 
预约/预借
| 序号 | 登录号 | 条形码 | 馆藏地/架位号 | 状态 | 备注 |
| 1 | 0520636 | 205206365 | 第二样本阅览室/ [索取号:H05/156] | 在馆 | |
| 2 | 0520637 | 205206374 | 第四借阅区/ [索取号:H05/156] | 在馆 | |
| 3 | 0520638 | 205206383 | 第四借阅区/ [索取号:H05/156] | 在馆 | |
| 4 | 0520639 | 205206392 | 第四借阅区/ [索取号:H05/156] | 在馆 | |
| 5 | 0520640 | 205206409 | 第四借阅区/ [索取号:H05/156] | 在馆 |